000 00687nam a22001817a 4500
003 UA-OsUOA
001 16089
007 ta
008 20031219b un ||||| |||| 00| 0 ukr d
100 _aПальчевський С.
942 _cSA
040 _aUA-OsUOA
_cUA-OsUOA
_dUA-OsUOA
245 _aА неймовірне витає у класах...
_b[Розмова з рівнен. науковцем С.Пальчевським про його наук. здобутки]/ Розмовляв П.Велесик
300 _aС.3
955 _a0
773 0 _w0
_tВісті Рівненщини
_dРівне
_d2003
_g№100/3 груд./
650 7 _aКраєзнавча робота
_2UDC
999 _c302254
_d302254